000 00563nam a2200241 a 4500
001 nice12345678
003 IN_TiNIC
005 20260116011545.0
008 050524s1905 lona grp 000 0 eng
020 _a
_c100
082 0 0 _a297.0955
_bMAL
100 _aMalcolm, Napier
245 _aFive Years in a Persian Town
260 _aLondon
_bJohn Murray
_c1905
300 _a236p
500 _aincludes index and biblioraphy
505 2 _aIll
650 _aIslam-Iran
700 1 _aMalcolm, Napier
902 _bSRS
942 _cBK
999 _c2593
_d2593